| 000 | 00522nam a22001937a 4500 | ||
|---|---|---|---|
| 999 |
_c527095 _d527095 |
||
| 003 | NUST | ||
| 005 | 20190720105855.0 | ||
| 008 | 190720b ||||| |||| 00| 0 eng d | ||
| 015 | _qHard Cover. | ||
| 038 | _aMr. Zahoor | ||
| 082 | _a658.4 | ||
| 100 |
_aMansoor, Ahsan _918190 |
||
| 245 |
_aDINING BUS BUSINESS FEASIBILITY / _cAhsan Mansoor. |
||
| 260 |
_aIslamabad : _bNBS - NUST, _c2016. |
||
| 300 |
_a44 p. : ill. ; _c30cm. |
||
| 650 |
_aEMBA Thesis _917645 |
||
| 700 |
_aMs. Sana Ahmed. _917683 |
||
| 942 |
_2ddc _cTHE |
||